Entry Personal Name
Number of records used in: 1
001 - CONTROL NUMBER
003 - CONTROL NUMBER IDENTIFIER
005 - DATE AND TIME OF LATEST TRANSACTION
- control field:
20231204152814.0
008 - FIXED-LENGTH DATA ELEMENTS
- fixed length control field:
040901n| azannaabn |n aaa
010 ## - LIBRARY OF CONGRESS CONTROL NUMBER
- LC control number:
n 2004079645
040 ## - CATALOGING SOURCE
- Original cataloging agency:
DLC
- Language of cataloging:
eng
- Description conventions:
rda
- Transcribing agency:
DLC
- Modifying agency:
DLC
046 ## - SPECIAL CODED DATES
- Birth date:
1962
- Source of date scheme:
edtf
100 1# - HEADING--PERSONAL NAME
- Personal name:
Bakhle, Janaki
670 ## - SOURCE DATA FOUND
- Source citation:
Bakhle, Janaki. Two men and music, 2005:
- Information found:
ECIP t.p. (Janaki Bakhle)
670 ## - SOURCE DATA FOUND
- Source citation:
Savarkar and the making of Hindutva, 2024:
- Information found:
CIP title page (Janaki Bakhle) data view (born 1962)